000 00845nam a2200229 i 4500
001 106456
003 ES-MaACL
005 20250812062524.0
007 t|
008 221106s1959 sp ||||1| spa d
080 _a339.9
100 1 _aAzaola, José Miguel de (
_d1917-2007)
_924229
245 1 0 _aEspaña en la actual coyuntura económica de occidente /
_cJosé Miguel de Azaola.
260 _aMadrid :
_bAteneo,
_c1959.
300 _a41 p. ;
_c19 cm.
490 1 _aColección "O crece o muere" ;
_v132
500 _aEsta conferencia fue pronunciada en el Colegio Mayor Universitario "Pedro Cerbuna", de Zaragoza, el día 14 de marzo de 1959 -- Verso portada.
650 1 4 _aEconomía internacional.
_912028
830 0 0 _aColección "O crece o muere"
_v132
_9183476
852 _aES-MaACL
_j2207-F-12
_bR.138048
999 _c106456
_d106456